| 000 | 00315nam a22001217a 4500 | ||
|---|---|---|---|
| 020 | _a9781407157498 | ||
| 040 | _cNUST | ||
| 082 |
_a823-CH _bSTI |
||
| 100 |
_aStine, R L _968211 |
||
| 245 | _aThe Curse Of The Mummys Tomb Goosebumps Tales Of Terror | ||
| 260 |
_aLondon: _bScholastic Ltd, _c1993. |
||
| 942 |
_2ddc _cBK |
||
| 999 |
_c586304 _d586304 |
||